| 000 | 00927nam a2200265Ia 4500 | ||
|---|---|---|---|
| 003 | OSt | ||
| 005 | 20221005110031.0 | ||
| 006 | a|||||r|||| 00| 0 | ||
| 007 | ta | ||
| 008 | 221004b |||||||| |||| 00| 0 hin d | ||
| 020 |
_a9788126005130 (pbk) _cINR 60.00 |
||
| 024 | _a37377 | ||
| 037 |
_bBW/1664, 14/03/2018, Bookwell _cTextual |
||
| 040 |
_aCRL _cCRL _bhin |
||
| 041 |
_2hin _ahin |
||
| 082 | _aU8.236, 152N8 | ||
| 100 | _aपटेल, भोलाभाई, ले. | ||
| 245 | 0 | _aदेवों की घाटी | |
| 246 | _aDevoan kī ghāṭī | ||
| 260 |
_aनई दिल्ली _bसाहित्य अकादेमी भारत _c1998 |
||
| 300 |
_a163पृ0 _ccm. |
||
| 650 | _aयात्रा वृतान्त | ||
| 942 |
_hU8.236, 152N8 _cTEXL _2cc |
||
| 999 |
_c1017595 _d1017595 |
||